LEADER 01106nas a2200229 i 4500 001 000000221521 003 CaOOAMICUS 005 20131203000000.0 008 130826b1998 it uu u0 0ita r 013 $a200418 040 $aSeMil$bita 245 10$aStato sociale e famiglia :$bpensioni, sanità, lavoro, quale sostegno attenderci dalla riforma? ; Il fenomeno immigratorio in Italia [Dossier]. 260 $aAlba (CN) :$bPeriodici San Paolo,$c1998. 300 $a105 p. :$bill., grafici, tabelle ;$c24 cm. 500 $aTitoli dalla copertina. 773 0 $tFamiglia Oggi.$dAlba (CN) : Periodici San Paolo, 1983-2015.$w()23806 774 0 $t[vedi periodico].$w()279545 850 $aSeMil 852 $aSeMil$W1$xVenegono$y1$m99 4 21/3$j171870$B171870$CSeMilBibl$Z2$F186035 $85 961 $aOmaggio: Fumagalli don Aristide 996 $6245$aStato sociale e famiglia :$bpensioni, sanità, lavoro, quale sostegno attenderci dalla riforma? ; Il fenomeno immigratorio in Italia [Dossier]$9(OLS)http://semarc/title/317543 996 $6260$aAlba (CN) :$bPeriodici San Paolo$9(OLS)http://semarc/publisher/30721 LEADER 01227nam a2200253 i 4500 001 000000001397 003 CaOOAMICUS 005 20250710102528.0 008 180830s1996 it u000 u ita u 040 $aSeMil$bita 100 0 $aAristoteles,$d<384-322 a.C.>.$0(OLS)http://semarc/name/1263 245 10$aOrganon /$cdi Aristotele ; a cura di Marcello Zanatta. 260 $aMilano [etc.] :$bUnione Tipografico-Editrice Torinese,$c1996. 300 $a2 v. ;$c24 cm. 490 1 $aClassici della filosofia 700 1 $aZanatta, Marcello,$d<1948- >.$0(OLS)http://semarc/name/1264 774 0 $aAristoteles <384-322 a.C.>$t1: Categoria ; Dell'interpretazione ; Analitici primi.$z88-02-04934-3$g1$w()69293 774 0 $aAristoteles <384-322 a.C.>$t2: Analitici secondi ; Topici ; Confutazioni sofistiche.$dTorino : Unione Tipografico-Editrice Torinese, 1996.$z88-02-04935-1$g2$w()69294 830 0$aClassici della filosofia .$0(OLS)http://semarc/title/454429 900 0 $aAristotele. 996 $6245$aOrganon$9(OLS)http://semarc/title/2245 996 $6260$aMilano [etc.] :$bUnione Tipografico-Editrice Torinese$9(OLS)http://semarc/publisher/48044